Introduction to Nanoscience

Gespeichert in:
Bibliographische Detailangaben
Hauptverfasser: Hornyak, Gabor L. (Verfasst von), et al (Verfasst von)
Format: Buch
Sprache:Englisch
Veröffentlicht: Boca Raton : CRC Press, 2008
Schlagworte:
Tags: Tag hinzufügen
Keine Tags, Fügen Sie das erste Tag hinzu!

MARC

LEADER 00000nam a22000003a 4500
001 stu191550
005 20150617230026.9
008 091006s2008----xxu-----------------eng-d
020 |a 978-1-4200-4805-6 
040 |a STU  |b slo 
041 0 |a eng 
044 |a xxu 
080 |a 538.9  |7 stu_us_auth*stu7967 
080 |a 539.2 
100 1 |a Hornyak, Gabor L.  |4 aut 
245 1 |a Introduction to Nanoscience 
260 |a Boca Raton :  |b CRC Press,  |c 2008 
300 |a 815 s 
650 7 |a nanotechnológie  |2 stusub 
650 7 |a nanoštruktúry  |2 stusub 
650 7 |a nanomateriály  |2 stusub 
650 7 |a molekulárne vlastnosti  |2 stusub 
700 1 |a et al.  |4 aut 
996 |b 284M071032  |c M*12562-1  |l MMKN  |s A  |a 24  |w stu191550_0001